000 01958nam a2200337 a 4500
001 BRCA_3257
005 20190320204205.0
008 120309s1822----enka---###---#000-0#eng-#
041 _aeng
044 _aenk
084 _a558
_b.R63
_c1822
100 1 _aCervantes Saavedra, Miguel de
_d1547-1616
_9213
245 1 0 _aThe History of the Ingenious Gentleman Don Quixote of La Mancha
_cTranslated from the Spanish by Motteux.
260 _aEdinburgo
_bHurst Robinson and Co.
_c1822
300 _a5 v.
_bil.
_c19 cm.
500 _aContenido : v.1. Primera parte. Vida de Cervantes por J. G. Lockhart. Prólogo del autor. Notas. -- v.2. Texto. Notas. -- v.3. Texto. Notas. -- v.4. Segunda parte. Notas. -- v.5. Texto. Notas
500 _aEdición : A new Edition with Copious Notes and Essay on the Life and Writings of Cervantes by J. G. Lockhart
500 _aTraducción de Motteux, acompañada de un ensayo sobre la vida de Cervantes inspirada en la excelente, escrita por M. F. de Navarrete, con notas al final de los tomos, sacadas de las ediciones de la Academia, de la de Pellicer y de J. Bowle, por J. G. Lockhart. El trabajo de este último es verdaderamente bueno y recomendable para los lectores de lengua inglesa. La edición muy bien impresa y digna de aprecio. Piel; planos orlados, lomos decorados con dorados Lúdovik Osterc
500 _aEstado físico : vol. 1 encuadernación maltratada y lomo maltrecho
500 _aQM945
546 _aTexto en : inglés
650 1 4 _aNovela española
_yÉpoca clásica, 1500-1700
_9215
650 1 4 _aLiteratura española
_yÉpoca clásica, 1500-1700
_9216
650 1 4 _aNovela española
_ySiglo XVII
_9217
650 1 4 _aDon Quijote (Personaje ficticio)
_eNovela
_9218
700 1 _aMotteux, Peter Anthony
_d1663-1718
_eTraductor
_98668
700 1 _aLockhart, John Gibson
_d1794-1854
_eAnotador
_98669
740 0 _aEl Ingenioso Hidalgo Don Quijote de la Mancha
902 _aQFM
942 _2lcc
_cB
999 _c2993
_d2993